| 000 | 01817nam a22001577a 4500 | ||
|---|---|---|---|
| 041 | _aukr | ||
| 080 | _a09 | ||
| 090 | _bКОВ | ||
| 100 | _aКовальчук Я.І. | ||
| 245 | _aЛінгвістичний аналіз іміджу політичного лідера (на матеріалі промов американського президента Джорджа Буша Мл.) | ||
| 260 |
_aОстрог _bКАФ _c2009 |
||
| 300 | _a80 | ||
| 520 |
_aВСТУП
РОЗДІЛ 1 ТЕОРЕТИЧНІ ОСНОВИ АНАЛІЗУ ТЕКСТІВ ПОЛІТИЧНИХ ПРОМОВ
1.1 Політична промова як частина політичного дискурсу.
1.2 Методи аналізу політичних промов.
1.2.1 Психологічний аналіз.
1.2.2 Мотиваційний аналіз.
1.2.3 Контент-аналіз.
РОЗДІЛ 2 КОМУНІКАТИВНІ ОСОБЛИВОСТІ ПРОМОВ ПРЕЗИДЕНТА США ДЖОРДЖА БУША (МЛ.)
2.1 Психологічний рівень аналізу промов.
2.2 Мотиваційний рівень аналізу промов.
2.3 Контент-аналіз політичних промов.
РОЗДІЛ 3 УДОСКОНАЛЕННЯ ЗАСОБІВ ВПЛИВУ НА ЦІЛЬОВУ АУДИТОРІЮ У ПОЛІТИЧНІЙ ПРОМОВІ.
3.1 Історичний розвиток спічрайтингу як мистецтва написання політичних промов.
3.2 Створення матриці політичної промови на основі результатів психолінгвістичного аналізу.
ВИСНОВКИ _0політичні промови, Джордж Буш |
||
| 650 | _aResearch Papers | ||
| 999 |
_c284168 _d284168 |
||
| 942 | _cBK | ||